Το μυστηριώδες παραβάν μια κινέζικη αστυνομική ιστορία βασισμένη σε αυθεντικές υποθέσεις της αρχαίας Κίνας, με δέκα τέσσερεις εικόνες σχεδιασμένες από τον συγγραφέα με κινέζικη νοοτροπία

Αποθηκεύτηκε σε:
Λεπτομέρειες βιβλιογραφικής εγγραφής
Κύριος συγγραφέας: Gulik, Robert Hans van, 1910-1967
Άλλοι συγγραφείς: Ζάχου, Ντίντα (trlf)
Μορφή: Βιβλίο
Γλώσσα:Greek
English
Δημοσίευση: Αθήνα : Θεμέλιο, c1997.
Θέματα:
Ετικέτες: Προσθήκη ετικέτας
Δεν υπάρχουν, Καταχωρήστε ετικέτα πρώτοι!

MARC

LEADER 00000cam a2200000 a 4500
001 1/121443
008 200601s1997####gr | ||| |||| ||gre||
020 |a 9603102296 
040 |a GR-MyUa  |b gre  |c GR-MyUa  |e AACR2 
041 1 |a gre  |h eng 
082 7 |a 839.313   |2 (23) 
100 1 |a Gulik, Robert Hans van,   |d 1910-1967. 
245 1 3 |a Το μυστηριώδες παραβάν /   |b μια κινέζικη αστυνομική ιστορία βασισμένη σε αυθεντικές υποθέσεις της αρχαίας Κίνας, με δέκα τέσσερεις εικόνες σχεδιασμένες από τον συγγραφέα με κινέζικη νοοτροπία /   |c Robert Van Gulik ; Ντίντα Ζάχου.  
260 |a Αθήνα :   |b Θεμέλιο,   |c c1997.  
300 |a 237 σ. :   |b εικ. ;   |c 19 εκ.  
500 |a Τίτλος πρωτοτύπου: The lacquer screen.  
650 0 |a Dutch literature. 
650 0 |a Dutch fiction. 
700 1 |a Ζάχου, Ντίντα,  |e trlf 
852 |a INST  |b RHODES  |e 20200601  |h 839.313 GUL  |p 005400041489  |q 005400041489  |t BK  |y 0 
920 |a Δωρεά βιβλιοθήκης  |y Ρόδος  |z 2020-05 
970 |a Μαρία  |b Κωτάκου  |z 01-06-2020